नारायणानंदतीर्थ औदुंबर चरितामृत मराठी ओवीबद्ध आडवी पोथी रंगीत चित्रे 2. (Record no. 1338420)

MARC details
000 -LEADER
fixed length control field 01447nam a2200181Ia 4500
008 - FIXED-LENGTH DATA ELEMENTS--GENERAL INFORMATION
fixed length control field 151202s9999||||xx |||||||||||||| ||und||
082 ## - DEWEY DECIMAL CLASSIFICATION NUMBER
Item number PNVM-71751
100 ## - MAIN ENTRY--PERSONAL NAME
Personal name जोशी हणमंत नरहर कवि सुधांशु औदुंबर ता भिलवडी जि सांगली.
245 ## - TITLE STATEMENT
Title नारायणानंदतीर्थ औदुंबर चरितामृत मराठी ओवीबद्ध आडवी पोथी रंगीत चित्रे 2.
260 ## - PUBLICATION, DISTRIBUTION, ETC. (IMPRINT)
Name of publisher, distributor, etc श्रीगुरुशिवशंकरानंद आश्रम औदुंबर जि सांगली.
260 ## - PUBLICATION, DISTRIBUTION, ETC. (IMPRINT)
Date of publication, distribution, etc 7175
300 ## - PHYSICAL DESCRIPTION
Extent 235
600 ## - SUBJECT ADDED ENTRY--PERSONAL NAME
Personal name जोशी हणमंत नरहर कवि सुधांशु औदुंबर ता भिलवडी जि सांगली.
630 ## - SUBJECT ADDED ENTRY--UNIFORM TITLE
Uniform title नारायणानंदतीर्थ औदुंबर चरितामृत मराठी ओवीबद्ध आडवी पोथी रंगीत चित्रे 2.
700 ## - ADDED ENTRY--PERSONAL NAME
Personal name जोशी हणमंत नरहर कवि सुधांशु औदुंबर ता भिलवडी जि सांगली.
730 ## - ADDED ENTRY--UNIFORM TITLE
Uniform title नारायणानंदतीर्थ औदुंबर चरितामृत मराठी ओवीबद्ध आडवी पोथी रंगीत चित्रे 2.
942 ## - ADDED ENTRY ELEMENTS (KOHA)
Koha item type Book
Holdings
Withdrawn status Lost status Damaged status Not for loan Home library Current library Date acquired Cost, normal purchase price Total Checkouts Full call number Barcode Date last seen Cost, replacement price Price effective from Koha item type
        Pune Nagar Vachan Mandir, Pune Pune Nagar Vachan Mandir, Pune 06/21/2015 0.00   PNVM-71751 PNVM-71751 12/02/2015 0.00 12/02/2015 Book